000 00209 a2200097 4500
020 _a9788495618405
041 _aspa
100 _aalexander Mmcall Smith
245 _aLecciones para chicas guapas
942 _cBK
999 _c13587
_d13587